000 00441nam a2200193Ia 4500
008 240510s9999 xx 000 0 und d
020 _a0000408702389
041 _aEng
082 _a519.248
082 _bP13
100 _aPAGE, E.
245 0 _aQueueing theory in OR
260 _bLondon : Butterworths
260 _c1972
300 _a187 p.
650 _aQueueing theory : operations research
942 _2ddc
942 _cLBK
999 _c25306
_d25306
945 _a1
_bMadushi Gamage
_c1
_dMadushi Gamage